[Event "Solingen-ch 2016"]
[Site "Solingen"]
[Date "2016.11.18"]
[Round "6.9"]
[White "Falge, Rainer"]
[Black "Vranidis, Athanassios"]
[Result "0-1"]
[WhiteElo "1799"]
[BlackElo "1946"]
[PlyCount "120"]
[EventDate "2016.??.??"]
[WhiteTeam "SG Solingen"]
[BlackTeam "SG Solingen"]

1. e4 c5 2. c3 Nf6 3. Qa4 Nc6 4. Bb5 e6 5. Nf3 Be7 6. O-O O-O 7. Re1 a6 8. e5
Nd5 9. Bxc6 dxc6 10. Qg4 f5 11. Qg3 Kh8 12. h4 Qe8 13. d4 cxd4 14. cxd4 Qh5 15.
a3 Bd7 16. Nc3 Rac8 17. Ne2 c5 18. Bg5 Bxg5 19. Qxg5 Qxg5 20. hxg5 Kg8 21. Nc3
Nxc3 22. bxc3 cxd4 23. cxd4 Rc4 24. Re3 Bc6 25. Rd1 Rd8 26. Red3 Be4 27. R3d2
Ra4 28. Ne1 Rxa3 29. f3 Bc6 30. Nc2 Ra2 31. Ne3 Rxd2 32. Rxd2 Kf8 33. Nc4 Rd5
34. Kf2 Rb5 35. Ke3 Rb3+ 36. Kf4 Bb5 37. Nd6 Bc6 38. Kg3 Ke7 39. Kf4 a5 40. Ra2
a4 41. Kg3 Rd3 42. Nxb7 Bxb7 43. Rxa4 Kd7 44. Rb4 Kc7 45. Rc4+ Bc6 46. Kf4 Kb6
47. Kg3 g6 48. Kf2 Bb5 49. Rc8 Rxd4 50. Rh8 Rd7 51. Kg3 Kc5 52. Re8 Bc4 53. f4
Kd4 54. Ra8 Ke4 55. Ra4 Rd4 56. Ra1 Rd3+ 57. Kh4 Kxf4 58. g3+ Rxg3 59. Ra4 Rg4+
60. Kh3 Kxg5 0-1

[Event "Solingen-ch 2016"]
[Site "Solingen"]
[Date "2016.11.18"]
[Round "6.10"]
[White "Riesen, Peter"]
[Black "Alexopoulos, Dr. Spiros"]
[Result "1/2-1/2"]
[WhiteElo "1686"]
[BlackElo "1922"]
[PlyCount "91"]
[EventDate "2016.??.??"]
[WhiteTeam "Klub Kölner SF"]
[BlackTeam "Aachener SV"]

1. e4 d5 2. exd5 Nf6 3. d4 Bg4 4. f3 Bf5 5. c4 e6 6. dxe6 Bb4+ 7. Nc3 Nc6 8.
Be3 Qe7 9. Qc1 Rd8 10. a3 Bxc3+ 11. Qxc3 fxe6 12. Bd3 Bxd3 13. Qxd3 Nxd4 14.
Bxd4 e5 15. O-O-O Rxd4 16. Qb3 Rxd1+ 17. Qxd1 O-O 18. Nh3 Rd8 19. Qb3 Qc5 20.
Rd1 Rxd1+ 21. Kxd1 Qd4+ 22. Kc2 e4 23. Qc3 Qxc3+ 24. Kxc3 exf3 25. gxf3 Kf7 26.
Ng5+ Ke7 27. Kd4 h6 28. Ne4 Nxe4 29. Kxe4 Ke6 30. f4 g6 31. h4 a5 32. b4 axb4
33. axb4 Kf6 34. b5 Ke6 35. c5 c6 36. bxc6 bxc6 37. Kd4 Kf5 38. Ke3 Kf6 39. Kd4
Kf5 40. Ke3 h5 41. Kf3 Ke6 42. Ke4 Kf6 43. Ke3 Ke6 44. Ke4 Kf6 45. Ke3 Kf5 46.
Kf3 1/2-1/2

[Event "Solingen-ch 2016"]
[Site "Solingen"]
[Date "2016.11.18"]
[Round "6.11"]
[White "Schubert, Stefan"]
[Black "Zimdars, Wolfgang"]
[Result "0-1"]
[WhiteElo "1229"]
[BlackElo "1611"]
[PlyCount "96"]
[EventDate "2016.??.??"]
[WhiteTeam "SG Solingen"]
[BlackTeam "SG Solingen"]

1. d4 Nf6 2. Bf4 e6 3. Nf3 d5 4. e3 Be7 5. Bd3 O-O 6. Ne5 Nbd7 7. Qf3 c5 8. c3
Qb6 9. b3 c4 10. Bc2 cxb3 11. axb3 Re8 12. Nxd7 Bxd7 13. Nd2 Rac8 14. c4 dxc4
15. bxc4 Bb4 16. c5 Bxd2+ 17. Kxd2 Qb4+ 18. Kc1 Bc6 19. Qh3 Be4 20. Ra2 Qc3 21.
Be5 Bxc2 22. Rxc2 Qa1+ 23. Kd2 Ne4+ 24. Ke2 Qxh1 25. Qg4 f6 26. Qxe4 fxe5 27.
Qxe5 Qxg2 28. Ra2 Qd5 29. Qxd5 exd5 30. Rxa7 Rb8 31. f3 Rec8 32. Kf2 Rc6 33.
Ra1 Ra6 34. Rg1 h6 35. h4 Rba8 36. f4 Re8 37. Rb1 Re7 38. Rb3 Kf7 39. Kf3 Ra1
40. Kg2 Re1 41. Kf2 Rh1 42. Kg3 h5 43. Ra3 Rg1+ 44. Kh2 Re1 45. Ra8 R1xe3 46.
Rh8 Rd3 47. Rxh5 Re2+ 48. Kg1 Rd1# 0-1

[Event "Solingen-ch 2016"]
[Site "Solingen"]
[Date "2016.11.18"]
[Round "6.12"]
[White "Lux, Andreas"]
[Black "Ehringfeld, Michael"]
[Result "1-0"]
[WhiteElo "1857"]
[BlackElo "1588"]
[PlyCount "64"]
[EventDate "2016.??.??"]
[WhiteTeam "vereinslos"]
[BlackTeam "SG Solingen"]

1. d4 d5 2. Nf3 Nf6 3. e3 c5 4. c3 e6 5. Bd3 Nc6 6. Nbd2 Bd6 7. O-O O-O 8. dxc5
Bxc5 9. e4 Qc7 10. exd5 exd5 11. Nb3 Bd6 12. h3 h6 13. Re1 Bd7 14. Be3 Rfe8 15.
Bc2 Ne5 16. Nxe5 Rxe5 17. Qf3 Rae8 18. Nd4 Bc5 19. Red1 Ne4 20. Bf4 Bxd4 21.
Rxd4 Ng5 22. Qg3 Re1+ 23. Rxe1 Rxe1+ 24. Kh2 Qa5 25. Be3 g6 26. Qb8+ Kh7 27.
Qxb7 Be6 28. Ra4 Qd8 29. Qxa7 Qd6+ 30. Bf4 Qc6 31. Qd4 Re2 32. Be3 Qxa4 1-0

[Event "Solingen-ch 2016"]
[Site "Solingen"]
[Date "2016.11.18"]
[Round "6.13"]
[White "Fodor, Bernhard"]
[Black "Barche, Uwe"]
[Result "1-0"]
[WhiteElo "1281"]
[BlackElo "1437"]
[PlyCount "65"]
[EventDate "2016.??.??"]
[WhiteTeam "SG Solingen"]
[BlackTeam "SG Solingen"]

1. f4 d5 2. Nf3 Nf6 3. d3 c5 4. g3 Nc6 5. Bg2 e6 6. O-O Be7 7. Re1 O-O 8. Ne5
Nxe5 9. fxe5 Nd7 10. Bf4 Qc7 11. e3 b5 12. d4 h6 13. Bxh6 gxh6 14. Qg4+ Kh7 15.
Rf1 cxd4 16. exd4 Qxc2 17. Nc3 Qg6 18. Qe2 f6 19. Nxd5 exd5 20. Bxd5 Rb8 21. e6
Nb6 22. Bb3 f5 23. Rac1 Qf6 24. Rf4 Rg8 25. Rc7 Rb7 26. Rxe7+ Rxe7 27. d5 a6
28. Qd3 Rg5 29. Bc2 Rxg3+ 30. hxg3 Nxd5 31. Rxf5 Qg6 32. Rf7+ Rxf7 33. Qxg6+
1-0

[Event "Solingen-ch 2016"]
[Site "Solingen"]
[Date "2016.11.18"]
[Round "6.14"]
[White "Wolf, Wieland"]
[Black "Wallrodt, Alexander"]
[Result "1-0"]
[WhiteElo "1350"]
[BlackElo "948"]
[PlyCount "51"]
[EventDate "2016.??.??"]
[WhiteTeam "SG Solingen"]
[BlackTeam "SG Solingen"]

1. e4 e5 2. Bc4 Nf6 3. d3 Nc6 4. Nf3 Bc5 5. h3 d6 6. O-O Qe7 7. Bg5 Be6 8. Bxe6
Qxe6 9. Nc3 O-O-O 10. a3 a6 11. b4 h6 12. Bxf6 Qxf6 13. bxc5 dxc5 14. Qe2 Nd4
15. Nxd4 cxd4 16. Nd5 Qe6 17. f4 f5 18. fxe5 Qxe5 19. Rxf5 Qg3 20. Qf3 Qxf3 21.
Rxf3 c6 22. Ne7+ Kd7 23. Rf7 Ke6 24. Raf1 g5 25. R1f6+ Ke5 26. Ng6# 1-0

[Event "Solingen-ch 2016"]
[Site "Solingen"]
[Date "2016.11.18"]
[Round "6.15"]
[White "Wallrodt, Samuel"]
[Black "Schubert, Florian"]
[Result "0-1"]
[WhiteElo "921"]
[BlackElo "982"]
[PlyCount "44"]
[EventDate "2016.??.??"]
[WhiteTeam "SG Solingen"]
[BlackTeam "SG Solingen"]

1. e4 e5 2. b4 Bxb4 3. c3 Bc5 4. d4 exd4 5. cxd4 Bb4+ 6. Bd2 Nc6 7. Bxb4 Nxb4
8. Nc3 d5 9. Bb5+ c6 10. Ba4 dxe4 11. Nxe4 Qe7 12. Bc2 Nf6 13. f3 Bf5 14. Qe2
Nxc2+ 15. Qxc2 Nxe4 16. fxe4 Bxe4 17. Qf2 Bxg2+ 18. Kd1 Bxh1 19. Rb1 O-O-O 20.
Qf5+ Qd7 21. Qg5 Qxd4+ 22. Kc1 Qc3# 0-1

[Event "Solingen-ch 2016"]
[Site "Solingen"]
[Date "2016.12.02"]
[Round "7.1"]
[White "Zolfagharian, Kevin"]
[Black "Flesch, Dr. Stefan"]
[Result "1/2-1/2"]
[WhiteElo "2143"]
[BlackElo "2057"]
[PlyCount "127"]
[EventDate "2016.??.??"]
[WhiteTeam "SG Solingen"]
[BlackTeam "SG Solingen"]

1. e4 e6 2. Nf3 d5 3. Nc3 Nf6 4. e5 Nfd7 5. d4 Be7 6. Na4 b6 7. Be3 a5 8. c4 c6
9. cxd5 cxd5 10. Nc3 Ba6 11. Nb5 O-O 12. Bd3 Nc6 13. h4 h6 14. a3 f5 15. Rc1
Bxb5 16. Bxb5 Na7 17. Bd3 Rf7 18. Bb1 Nf8 19. Qd3 b5 20. Ke2 Qb6 21. Rcg1 b4
22. a4 Qc6 23. b3 Qc3 24. g4 f4 25. Bd2 Qxd3+ 26. Bxd3 Bd8 27. g5 h5 28. g6 Rc7
29. Rc1 Rac8 30. Rxc7 Rxc7 31. Bxf4 Rc3 32. Rb1 Nc8 33. Rc1 Rxc1 34. Bxc1 Bb6
35. Bg5 Na7 36. Be7 Nc6 37. Bxf8 Kxf8 38. Ke3 Bd8 39. Kf4 Bb6 40. Ke3 Bd8 41.
Bc2 Bb6 42. Bd1 Ne7 43. Be2 Nxg6 44. Bd3 Nh8 45. Ng5 Ke7 46. Nh3 Nf7 47. f4 Nh6
48. Bg6 Nf5+ 49. Bxf5 exf5 50. Nf2 Ke8 51. Nd3 Ke7 52. Nc5 Bc7 53. Kd3 Bb6 54.
Na6 Ke6 55. Ke3 Ke7 56. Nc5 Bc7 57. Kf3 Bb6 58. Ke2 Bc7 59. Ke3 Bb6 60. Nb7 Bc7
61. Kd3 Ke6 62. Nc5+ Ke7 63. Ke3 Bb6 64. Nd3 1/2-1/2

[Event "Solingen-ch 2016"]
[Site "Solingen"]
[Date "2016.12.02"]
[Round "7.2"]
[White "Kesseler, Heiko"]
[Black "Kniest, Oliver"]
[Result "0-1"]
[WhiteElo "2100"]
[BlackElo "2295"]
[PlyCount "74"]
[EventDate "2016.??.??"]
[WhiteTeam "Düsseldorfer SK"]
[BlackTeam "SG Solingen"]

1. e4 c6 2. Nc3 d5 3. Nf3 Nf6 4. e5 Ne4 5. Be2 g6 6. O-O Bg7 7. d3 Nxc3 8. bxc3
O-O 9. Bg5 c5 10. Qd2 Nc6 11. d4 Qa5 12. Rab1 cxd4 13. Nxd4 Bxe5 14. Rb5 Qc7
15. f4 Bg7 16. f5 Nxd4 17. cxd4 Bxf5 18. Rxf5 gxf5 19. Rb3 Kh8 20. Rh3 f6 21.
Be3 e5 22. Bd3 e4 23. Bf4 Qd7 24. Be2 Rg8 25. Bg3 Bf8 26. c4 dxc4 27. Bxc4 Rg7
28. Bh4 Be7 29. Bb3 f4 30. Rc3 e3 31. Qe2 Qxd4 32. Rd3 f3 33. Rxd4 fxe2 34. Be1
Rd8 35. Rxd8+ Bxd8 36. Bc4 Rc7 37. Bxe2 Rc1 0-1

[Event "Solingen-ch 2016"]
[Site "Solingen"]
[Date "2016.12.02"]
[Round "7.3"]
[White "Boschek, Dr. Hans-Joachim"]
[Black "Fränzel, Dr. Marius"]
[Result "1/2-1/2"]
[WhiteElo "1948"]
[BlackElo "1786"]
[PlyCount "69"]
[EventDate "2016.??.??"]
[WhiteTeam "SG Solingen"]
[BlackTeam "SG Solingen"]

1. d4 d5 2. Nf3 Nf6 3. e3 c6 4. Bd3 Bg4 5. Nbd2 e6 6. c4 Nbd7 7. O-O Bd6 8. Qc2
O-O 9. b3 e5 10. dxe5 Nxe5 11. Nxe5 Bxe5 12. Bb2 Bxb2 13. Qxb2 dxc4 14. Bxc4
Bf5 15. Nf3 Qe7 16. Nd4 Qe5 17. Qe2 Bg6 18. h3 Rad8 19. Rad1 Ne4 20. Rc1 Rfe8
21. f4 Qa5 22. Qg4 Nf6 23. Qg3 Be4 24. a4 c5 25. Nf3 Bd3 26. Ne5 Bxc4 27. Rxc4
Qd2 28. Qf3 b6 29. Rcc1 Qa2 30. e4 Rd4 31. Rce1 Rb4 32. Re3 Qc2 33. Rf2 Qc1+
34. Rf1 Qc2 35. Rf2 1/2-1/2

[Event "Solingen-ch 2016"]
[Site "Solingen"]
[Date "2016.12.02"]
[Round "7.4"]
[White "Meckel, Helmut"]
[Black "Schmuck, Markus"]
[Result "0-1"]
[WhiteElo "1755"]
[BlackElo "1874"]
[PlyCount "72"]
[EventDate "2016.??.??"]
[WhiteTeam "SG Solingen"]
[BlackTeam "SG Solingen"]

1. b4 e5 2. Bb2 Bxb4 3. Bxe5 Nf6 4. c4 O-O 5. e3 Nc6 6. Bb2 d5 7. cxd5 Nxd5 8.
Nf3 Re8 9. Be2 Nce7 10. O-O c5 11. Bb5 Bd7 12. Bxd7 Qxd7 13. Qc2 Rac8 14. Nc3
Ng6 15. Rab1 Nb6 16. Qb3 a5 17. Ba3 a4 18. Qb2 Nc4 19. Qc1 Nxa3 20. Ra1 b5 21.
Rd1 Qd3 22. Ne1 Qc4 23. Qb2 Bxc3 24. dxc3 b4 25. Rac1 Qb5 26. cxb4 cxb4 27. Nd3
Rxc1 28. Qxc1 Rd8 29. Nb2 Rxd1+ 30. Qxd1 b3 31. axb3 axb3 32. f3 h6 33. Kf2 Ne5
34. Qd8+ Kh7 35. f4 Ng4+ 36. Kf3 Qf1+ 0-1

[Event "Solingen-ch 2016"]
[Site "Solingen"]
[Date "2016.12.02"]
[Round "7.5"]
[White "Görke, Joachim"]
[Black "Skiber, Friedel"]
[Result "1-0"]
[WhiteElo "2106"]
[BlackElo "1727"]
[PlyCount "39"]
[EventDate "2016.??.??"]
[WhiteTeam "SG Solingen"]
[BlackTeam "SG Solingen"]

1. c4 g6 2. Nc3 Bg7 3. g3 d6 4. Bg2 Nd7 5. Nf3 Nh6 6. d4 f5 7. h4 Nf6 8. Bf4
Nf7 9. Qc2 a5 10. Rd1 c6 11. Ng5 Qc7 12. c5 Nh5 13. Nxf7 Kxf7 14. cxd6 exd6 15.
Nb5 Qd8 16. Nxd6+ Ke7 17. Qc5 Kd7 18. d5 Nxf4 19. dxc6+ Ke6 20. Qc4+ 1-0

[Event "Solingen-ch 2016"]
[Site "Solingen"]
[Date "2016.12.02"]
[Round "7.6"]
[White "Vranidis, Athanassios"]
[Black "Speck, Stefan"]
[Result "0-1"]
[WhiteElo "1946"]
[BlackElo "1995"]
[PlyCount "68"]
[EventDate "2016.??.??"]
[WhiteTeam "SG Solingen"]
[BlackTeam "SC Solingen 28"]

1. d4 d5 2. c4 c6 3. Nf3 Nf6 4. Nc3 a6 5. cxd5 cxd5 6. e3 Bg4 7. Qa4+ Bd7 8.
Qb3 Nc6 9. Bd3 e6 10. O-O Bd6 11. e4 dxe4 12. Nxe4 Be7 13. Nxf6+ Bxf6 14. d5
exd5 15. Qxd5 Ne7 16. Re1 O-O 17. Qb3 Ng6 18. Be4 Rb8 19. Be3 Bc6 20. Bb6 Qc8
21. Rac1 Qg4 22. h3 Qf4 23. g3 Qh6 24. Kg2 Bd7 25. Ng1 Be6 26. Qa3 Qd2 27. b3
Bb2 28. Rcd1 Qxf2+ 29. Kxf2 Bxa3 30. Nf3 Bxh3 31. Ng5 Bg4 32. Rd4 h6 33. Bd5
Be6 34. Nf3 Bb2 {ZÜ} 0-1

[Event "Solingen-ch 2016"]
[Site "Solingen"]
[Date "2016.12.02"]
[Round "7.7"]
[White "Nguyen, Gia Huy Philipp"]
[Black "Borchert, Stephan"]
[Result "1-0"]
[WhiteElo "1843"]
[BlackElo "1964"]
[PlyCount "111"]
[EventDate "2016.??.??"]
[WhiteTeam "SG Solingen"]
[BlackTeam "SG Solingen"]

1. e4 c5 2. Nf3 e6 3. d4 cxd4 4. Nxd4 a6 5. Nc3 Qc7 6. Bd3 Nf6 7. Be3 d6 8. O-O
Be7 9. Kh1 O-O 10. a4 b6 11. f4 Nbd7 12. Qf3 Bb7 13. Qg3 Nc5 14. e5 Nfd7 15.
exd6 Qxd6 16. Be2 Bf6 17. Rad1 Qc7 18. Qg4 Rfe8 19. Bf3 g6 20. Bxb7 Qxb7 21. f5
Bg7 22. fxg6 hxg6 23. Qh4 e5 24. Nf3 f6 25. Bh6 Qc6 26. Qc4+ Re6 27. Bxg7 Kxg7
28. b4 Rc8 29. bxc5 Nxc5 30. Qd5 Qe8 31. Ne4 Nxe4 32. Qxe4 Rc7 33. Qd5 Ree7 34.
Qb3 Qc6 35. Rd2 e4 36. Nd4 Qc4 37. Ne2 e3 38. Rd3 Qxc2 39. Rxe3 Qxb3 40. Rxb3
Rxe2 41. Rxb6 Rcc2 42. Rg1 a5 43. Rb5 Re5 44. Rb7+ Kh6 45. Ra1 Ree2 46. h3 Rxg2
47. Rb5 Rh2+ 48. Kg1 Rxh3 49. Rxa5 f5 50. Ra8 Kg5 51. a5 Kg4 52. Rg8 g5 53. a6
f4 54. a7 f3 55. a8=Q f2+ 56. Kf1 1-0

[Event "Solingen-ch 2016"]
[Site "Solingen"]
[Date "2016.12.02"]
[Round "7.8"]
[White "Zimdars, Wolfgang"]
[Black "Beyer, Fabian"]
[Result "1/2-1/2"]
[WhiteElo "1611"]
[BlackElo "1963"]
[PlyCount "36"]
[EventDate "2016.??.??"]
[WhiteTeam "SG Solingen"]
[BlackTeam "SG Solingen"]

1. d4 Nf6 2. Nf3 b6 3. e3 Bb7 4. Bd3 e6 5. O-O Be7 6. b3 O-O 7. Bb2 d5 8. Nbd2
Nbd7 9. Ne5 Nxe5 10. dxe5 Ne4 11. Nxe4 dxe4 12. Be2 c5 13. c4 Qc7 14. Qc2 Rad8
15. Rad1 Rxd1 16. Rxd1 Rd8 17. Rxd8+ Qxd8 18. Qd1 Qxd1+ 1/2-1/2

[Event "Solingen-ch 2016"]
[Site "Solingen"]
[Date "2016.12.02"]
[Round "7.9"]
[White "Lux, Andreas"]
[Black "Rist, Kurt"]
[Result "1-0"]
[WhiteElo "1857"]
[BlackElo "1706"]
[PlyCount "61"]
[EventDate "2016.??.??"]
[WhiteTeam "vereinslos"]
[BlackTeam "SG Solingen"]

1. d4 f5 2. Nc3 e6 3. e4 Bb4 4. Bd3 Qe7 5. Nge2 fxe4 6. Bxe4 d5 7. Bf3 Nf6 8.
O-O O-O 9. Bf4 Bd7 10. Bxc7 Na6 11. Be5 Rf7 12. Qd3 Ba5 13. a3 Rc8 14. Nb5 Ne4
15. c3 Qg5 16. Nd6 Rxf3 17. Qxf3 Nd2 18. Qf7+ Kh8 19. f4 Qg6 20. Qxd7 Rf8 21.
Qe7 Kg8 22. Rf2 Bd8 23. Qxb7 Ne4 24. Nxe4 dxe4 25. Qxa6 Bb6 26. Qb7 h5 27. Raf1
h4 28. f5 exf5 29. Rxf5 Re8 30. Qxe4 Qe6 31. Rh5 1-0

[Event "Solingen-ch 2016"]
[Site "Solingen"]
[Date "2016.12.02"]
[Round "7.10"]
[White "Alexopoulos, Dr. Spiros"]
[Black "Fodor, Bernhard"]
[Result "1-0"]
[WhiteElo "1922"]
[BlackElo "1281"]
[PlyCount "67"]
[EventDate "2016.??.??"]
[WhiteTeam "Aachener SV"]
[BlackTeam "SG Solingen"]

1. e4 e6 2. d4 Nc6 3. d5 exd5 4. exd5 Qe7+ 5. Be2 Ne5 6. Nc3 Ng4 7. Nf3 Qb4 8.
Qd4 Qxd4 9. Nxd4 N8f6 10. h3 Bc5 11. Nb3 Bxf2+ 12. Kf1 Ne3+ 13. Kxf2 Nxc2 14.
Rb1 Nb4 15. Re1 O-O 16. Bc4 d6 17. Bg5 Bf5 18. Rbd1 Nd7 19. Nd4 Nc2 20. Nxf5
Nxe1 21. Rxe1 Ne5 22. Bf1 f6 23. Bf4 Rf7 24. Nb5 Rd7 25. Rc1 g6 26. Nfd4 g5 27.
Be3 a6 28. Nxc7 Rxc7 29. Rxc7 b5 30. b3 h5 31. Ne6 Nf7 32. Bd4 Ne5 33. Bxe5
fxe5 34. Bd3 1-0

[Event "Solingen-ch 2016"]
[Site "Solingen"]
[Date "2016.12.02"]
[Round "7.11"]
[White "Bauer, Matthias"]
[Black "Falge, Rainer"]
[Result "1-0"]
[WhiteElo "1688"]
[BlackElo "1799"]
[PlyCount "35"]
[EventDate "2016.??.??"]
[WhiteTeam "SV Günnigfeld"]
[BlackTeam "SG Solingen"]

1. d4 d6 2. Nf3 Nf6 3. Nbd2 g6 4. c3 c5 5. e3 cxd4 6. exd4 Bg4 7. Bd3 Bg7 8.
Ne4 Nbd7 9. h3 Bxf3 10. Qxf3 d5 11. Nxf6+ Nxf6 12. Bb5+ Kf8 13. O-O a6 14. Bd3
Ne8 15. Re1 e6 16. Bf4 Qf6 17. Qg3 Rd8 18. Bg5 1-0

[Event "Solingen-ch 2016"]
[Site "Solingen"]
[Date "2016.12.02"]
[Round "7.12"]
[White "Bashylina, Luisa"]
[Black "Riesen, Peter"]
[Result "1/2-1/2"]
[WhiteElo "1561"]
[BlackElo "1686"]
[PlyCount "39"]
[EventDate "2016.??.??"]
[WhiteTeam "SG Solingen"]
[BlackTeam "Klub Kölner SF"]

1. e4 e6 2. d4 d5 3. e5 c5 4. c3 Nc6 5. Nf3 Qb6 6. Bd3 Bd7 7. O-O cxd4 8. cxd4
Nxd4 9. Nxd4 Qxd4 10. Nc3 Qxe5 11. Re1 Qb8 12. Nxd5 Be7 13. Qg4 Kf8 14. Nxe7
Nxe7 15. Qb4 a5 16. Qd4 Nd5 17. b3 Qa7 18. Ba3+ Kg8 19. Qe5 Qb6 20. Bc4 1/2-1/2

[Event "Solingen-ch 2016"]
[Site "Solingen"]
[Date "2016.12.02"]
[Round "7.13"]
[White "Barche, Uwe"]
[Black "Schubert, Stefan"]
[Result "0-1"]
[WhiteElo "1437"]
[BlackElo "1229"]
[PlyCount "44"]
[EventDate "2016.??.??"]
[WhiteTeam "SG Solingen"]
[BlackTeam "SG Solingen"]

1. c4 e5 2. g3 Bc5 3. Bg2 Nc6 4. Nc3 Nf6 5. d3 d6 6. Nf3 Be6 7. O-O Qd7 8. a3
O-O-O 9. b4 Bd4 10. Nxd4 Nxd4 11. Re1 h5 12. h4 Bh3 13. Bh1 Rdg8 14. e3 Ne6 15.
Qf3 c6 16. Qd1 g5 17. Qf3 Ne8 18. Qe4 f5 19. Qf3 Bg4 20. Qg2 gxh4 21. f3 Bxf3
22. Qxf3 Rxg3+ 0-1

[Event "Solingen-ch 2016"]
[Site "Solingen"]
[Date "2016.12.02"]
[Round "7.15"]
[White "Wallrodt, Alexander"]
[Black "Wallrodt, Samuel"]
[Result "1-0"]
[WhiteElo "948"]
[BlackElo "921"]
[PlyCount "109"]
[EventDate "2016.??.??"]
[WhiteTeam "SG Solingen"]
[BlackTeam "SG Solingen"]

1. e4 e5 2. Nf3 Nf6 3. d3 Bb4+ 4. Nc3 Nc6 5. Be3 b6 6. d4 exd4 7. Nxd4 Ne5 8.
f3 c5 9. Ndb5 d6 10. Nxd6+ Ke7 11. Ndb5 Qxd1+ 12. Rxd1 a6 13. Nc7 Ra7 14. N7d5+
Nxd5 15. Rxd5 f6 16. Be2 Rd8 17. Rxd8 Kxd8 18. O-O b5 19. a3 Ba5 20. b4 cxb4
21. Bxa7 bxc3 22. Rd1+ Kc7 23. f4 Ng4 24. h3 Ne3 25. Bxe3 b4 26. axb4 Bxb4 27.
Rb1 a5 28. Bb5 Kb8 29. Ra1 Kb7 30. Ba4 Ka6 31. Bc1 Bc5+ 32. Kh2 Bb4 33. Ba3 Bb7
34. Bxb4 axb4 35. Bc6+ Kb6 36. Bxb7 Kxb7 37. Rb1 Kc6 38. Rxb4 Kc5 39. Rb3 Kc4
40. Kg3 Kd4 41. Kf3 g6 42. Rb4+ Kc5 43. Rb7 f5 44. e5 Kc6 45. Rxh7 Kd5 46. Rg7
Ke6 47. Rxg6+ Kd5 48. h4 Kd4 49. h5 Kc4 50. h6 Kd5 51. h7 Kc4 52. h8=Q Kb4 53.
Rc6 Ka3 54. Qb8 Ka2 55. Ra6# 1-0